Everything I could see / (Record no. 180624)

MARC details
000 -LEADER
fixed length control field 00520nam a22001817a 4500
005 - DATE AND TIME OF LATEST TRANSACTION
control field 20210812153306.0
010 ## - LCCN (DPL NO)
LC control number B-741099
020 ## - INTERNATIONAL STANDARD BOOK NUMBER
International Standard Book Number 9789354270154
Terms of availability 149.00
035 ## - SYSTEM CONTROL NUMBER
System control number B-741099
037 ## - SOURCE OF ACQUISITION
Source of stock number/acquisition Gift
082 ## - DEWEY DECIMAL CLASSIFICATION NUMBER
Classification number 881
100 ## - MAIN ENTRY--PERSONAL NAME
Personal name Gautam, Harshit
245 ## - TITLE STATEMENT
Title Everything I could see /
Statement of responsibility, etc by Harshit Gautam
260 ## - PUBLICATION, DISTRIBUTION, ETC. (IMPRINT)
Name of publisher, distributor, etc Bluerose Publishers
Date of publication, distribution, etc 2020
300 ## - PHYSICAL DESCRIPTION
Extent 71p.
Dimensions 20cm(pbk)
942 ## - ADDED ENTRY ELEMENTS (KOHA)
Source of classification or shelving scheme Dewey Decimal Classification
Item type Children Books
Classification part 881
Call number suffix GAU
Holdings
Withdrawn status Lost status Not for loan Collection code Home library Current library Date acquired Source of acquisition Cost, normal purchase price Full call number Barcode Copy number Cost, replacement price Koha item type Public note
      Non-fiction Central Library Central Library 12/08/2021 Gift/Eng/09-08-2021 149.00 881 GAU B-741099 1 149.00 Children Books Gift

© Delhi Public Library
Hit Counter
free hit counter